| 000 | 01591cam a22004094a 4500 | ||
|---|---|---|---|
| 001 | 14609566 | ||
| 003 | OSt | ||
| 005 | 20160822175559.0 | ||
| 008 | 061023s2007 maua b 001 0 eng | ||
| 010 | _a 2006035608 | ||
| 016 | 7 |
_a101290551 _2DNLM |
|
| 020 | _a9781405153539 | ||
| 020 | _a1405153539 | ||
| 035 | _a(OCoLC)ocm74492146 | ||
| 035 | _a(OCoLC)74492146 | ||
| 040 |
_aDNLM/DLC _cDLC _dNLM _dBAKER _dBTCTA _dC#P _dYDXCP _dBWK _dDLC |
||
| 042 | _apcc | ||
| 082 |
_aWH 100 _bA134d 2007 |
||
| 245 | 0 | 0 |
_aABC of clinical haematology / _cedited by Drew Provan. |
| 250 | _a3rd ed. | ||
| 260 |
_aMalden, Mass. : _bBlackwell Pub. : _bBMJ Books, _c2007. |
||
| 300 |
_aix, 99 p. : _bcol.ill ; _c28 cm. |
||
| 490 | 1 | _aABC series | |
| 504 | _aIncludes bibliographical references and index. | ||
| 650 | 0 |
_aHematology _vOutlines, syllabi, etc. _910858 |
|
| 650 | 1 | 2 |
_aHematologic Diseases _xdiagnosis. _910859 |
| 650 | 1 | 2 |
_aHematologic Diseases _xphysiopathology. _9911 |
| 650 | 1 | 2 |
_aHematologic Diseases _xtherapy. _910860 |
| 700 | 1 |
_aProvan, Drew, _910861 |
|
| 830 | 0 |
_aABC series (Malden, Mass.) _910862 |
|
| 856 | 4 | 1 |
_3Table of contents only _uhttp://www.loc.gov/catdir/toc/ecip073/2006035608.html |
| 856 | 4 | 2 |
_3Contributor biographical information _uhttp://www.loc.gov/catdir/enhancements/fy0802/2006035608-b.html |
| 856 | 4 | 2 |
_3Publisher description _uhttp://www.loc.gov/catdir/enhancements/fy0802/2006035608-d.html |
| 906 |
_a7 _bcbc _corignew _d1 _eecip _f20 _gy-gencatlg |
||
| 942 |
_2z _cO_SHELF |
||
| 999 |
_c5063 _d5063 |
||